[Event "Gatineau op U2000"]
[Site "Gatineau CAN"]
[Date "2025.04.13"]
[Round "4.24"]
[White "Cloutier, Simon"]
[Black "Nazareno, Merlin"]
[Result "1/2-1/2"]
[WhiteElo "1709"]
[BlackElo "1966"]
[WhiteFideId "-1"]
[WhiteFideId "-1"]
[PlyCount "159"]
[GameId "2172345471747482"]
[EventDate "2025.04.11"]
[EventType "swiss"]
[EventRounds "5"]
[EventCountry "CAN"]

1. e4 Nc6 2. d4 d5 3. exd5 Qxd5 4. Nf3 Bg4 5. Be2 O-O-O 6. c4 Qh5 7. Be3 f5 8. Nc3 Nf6 9. Qa4 e6 10. O-O-O Ne4 11. d5 Nxc3 12. bxc3 exd5 13. cxd5 Nb8 14. Rd2 Bd6 15. Rhd1 Rhe8 16. Bxa7 Re4 17. Qb3 Bf4 18. Be3 Rxe3 19. fxe3 Bxe3 20. h3 Bxf3 21. Bxf3 Qf7 22. Kb1 Bxd2 23. Rxd2 Rd6 24. Qa3 Ra6 25. Qc5 Nd7 26. Qd4 Nf6 27. c4 Qe7 28. c5 Qe1+ 29. Rd1 Qa5 30. Qc4 Qa4 31. Qxa4 Rxa4 32. Kb2 Rc4 33. c6 b6 34. Kb3 Rc5 35. g4 fxg4 36. hxg4 h6 37. g5 hxg5 38. Rh1 Kd8 39. Rh8+ Ke7 40. Rc8 Nxd5 41. Bxd5 Rxd5 42. Rxc7+ Kd6 43. Rxg7 Kxc6 44. Rg6+ Kc5 45. Kc3 b5 46. Rg8 b4+ 47. Kb3 Rd3+ 48. Kc2 Rg3 49. Rc8+ Kd5 50. Rb8 Rc3+ 51. Kd2 Ra3 52. Rxb4 Rxa2+ 53. Ke3 Ra3+ 54. Kf2 Ke5 55. Rb5+ Kf4 56. Rb4+ Kf5 57. Rc4 g4 58. Rc8 Rf3+ 59. Kg2 Kg5 60. Rg8+ Kf4 61. Rf8+ Ke3 62. Re8+ Kf4 63. Rf8+ Ke4 64. Rxf3 gxf3+ 65. Kf2 Kf4 66. Kf1 Kg4 67. Kf2 Kf4 68. Kf1 Ke3 69. Ke1 Ke4 70. Kf2 Kf4 71. Kf1 Kf5 72. Kf2 Kg4 73. Kf1 Kh3 74. Kf2 Kg4 75. Kf1 Kg3 76. Kg1 Kh3 77. Kf2 Kg4 78. Kf1 Kf5 79. Kf2 Ke4 80. Kf1 1/2-1/2

[Event "Gatineau op U2000"]
[Site "Gatineau CAN"]
[Date "2025.04.13"]
[Round "4.25"]
[White "Kiryakov, Marin"]
[Black "Sethi, Aaron"]
[Result "0-1"]
[WhiteElo "1884"]
[BlackElo "1773"]
[WhiteFideId "-1"]
[WhiteFideId "-1"]
[PlyCount "92"]
[GameId "2172345471747483"]
[EventDate "2025.04.11"]
[EventType "swiss"]
[EventRounds "5"]
[EventCountry "CAN"]

1. e4 c6 2. Nc3 d5 3. Nf3 dxe4 4. Nxe4 Nf6 5. Qe2 Nxe4 6. Qxe4 Be6 7. b3 Nd7 8. Bb2 Nf6 9. Qe3 Nd5 10. Qd3 Nf6 11. Qe3 Nd5 12. Qd3 Nf6 13. a4 Qxd3 14. Bxd3 Rd8 15. Bd4 Nd5 16. Bxa7 Nb4 17. Ke2 Nxd3 18. cxd3 g6 19. Bd4 f6 20. Bb6 Rd7 21. Rhb1 Bf5 22. Nd4 Bxd3+ 23. Kxd3 e5 24. Kc4 exd4 25. Bxd4 Kf7 26. a5 Bh6 27. a6 bxa6 28. Rxa6 Re8 29. Rxc6 Re4 30. Rxf6+ Ke7 31. Rf3 Rdxd4+ 32. Kc5 Bxd2 33. Ra1 Bb4+ 34. Kb5 Re5+ 35. Kc6 Rd6+ 36. Kc7 Ba5+ 37. Kb7 Rc5 38. Kb8 Re5 39. Ra4 Rd7 40. Re3 Rxe3 41. fxe3 Bb6 42. h4 Kd6 43. e4 Re7 44. g4 Kc6 45. Rc4+ Bc5 46. b4 Re8# 0-1

[Event "Gatineau op U2000"]
[Site "Gatineau CAN"]
[Date "2025.04.13"]
[Round "4.26"]
[White "Vanier, Edouard"]
[Black "Masse-Garneau, Anthony"]
[Result "0-1"]
[WhiteElo "1644"]
[BlackElo "1872"]
[WhiteFideId "-1"]
[WhiteFideId "-1"]
[PlyCount "146"]
[GameId "2172345471747484"]
[EventDate "2025.04.11"]
[EventType "swiss"]
[EventRounds "5"]
[EventCountry "CAN"]

1. d4 c6 2. c4 d5 3. Nf3 Nf6 4. g3 Bf5 5. Bg2 e6 6. O-O h6 7. Nbd2 Nbd7 8. b3 Be7 9. Bb2 O-O 10. Ne5 Ng4 11. e4 Ngxe5 12. exf5 Nd3 13. Bc3 Bb4 14. Qc2 Qa5 15. Bxb4 Nxb4 16. Qc3 c5 17. a3 Nc6 18. Qxa5 Nxa5 19. fxe6 fxe6 20. cxd5 exd5 21. Bxd5+ Kh8 22. dxc5 Nxc5 23. b4 Rad8 24. Bg2 Rxd2 25. bxc5 Nb3 26. Rab1 Nxc5 27. Bxb7 Ra2 28. Bg2 Rxa3 29. Ra1 Rxa1 30. Rxa1 a6 31. Bf1 Rc8 32. Bxa6 Ra8 33. Ra5 Nxa6 34. g4 Nc7 35. Re5 Re8 36. Ra5 Ne6 37. h4 g6 38. Ra7 Kg8 39. Kh2 Rf8 40. Kg3 Nd4 41. Rd7 Ne2+ 42. Kg2 Rf7 43. Rd6 Kg7 44. Ra6 Nc3 45. Re6 Nd5 46. Kg3 Ra7 47. Rd6 Nf6 48. Rb6 Rf7 49. Re6 Nd5 50. Rd6 Nc3 51. Re6 Nd1 52. Re2 Rd7 53. Rc2 Kf7 54. Rc6 Kg7 55. Rc2 Rd3+ 56. Kf4 Nc3 57. Rb2 Rd7 58. Kg3 Nd5 59. Ra2 Rc7 60. Rb2 Rc3+ 61. Kh2 Kf6 62. Rb5 Nf4 63. g5+ hxg5 64. hxg5+ Ke6 65. Ra5 Rh3+ 66. Kg1 Rh5 67. Ra6+ Kf5 68. Ra5+ Kg4 69. Rb5 Rxg5 70. Rb3 Ra5 71. Rb2 Ra3 72. Rc2 Kh3 73. f3 Kg3 0-1

[Event "Gatineau op U2000"]
[Site "Gatineau CAN"]
[Date "2025.04.13"]
[Round "4.27"]
[White "Palsson, Halldor"]
[Black "Guliyev, Nadir"]
[Result "0-1"]
[WhiteElo "1808"]
[BlackElo "1633"]
[WhiteFideId "-1"]
[WhiteFideId "-1"]
[PlyCount "88"]
[GameId "2172345471747485"]
[EventDate "2025.04.11"]
[EventType "swiss"]
[EventRounds "5"]
[EventCountry "CAN"]

1. d4 Nf6 2. c4 e6 3. Nc3 Bb4 4. Qc2 Bxc3+ 5. Qxc3 b6 6. Nf3 Bb7 7. Bg5 d6 8. e3 h6 9. Bh4 Nbd7 10. Nd2 g5 11. Bg3 Ne4 12. Nxe4 Bxe4 13. f3 Bg6 14. e4 O-O 15. O-O-O Qe7 16. h4 f6 17. Bd3 e5 18. hxg5 hxg5 19. Bc2 Kg7 20. b4 c5 21. dxc5 dxc5 22. b5 Rfd8 23. Rd5 Bf7 24. Qd3 Nf8 25. Rd1 Bxd5 26. exd5 Qf7 27. Rh1 Ng6 28. Qf5 Rh8 29. Rg1 Rad8 30. Kb2 Nh4 31. Qd3 Rh6 32. Qe4 Re8 33. Qe2 Qe7 34. Re1 Ng6 35. Bf5 Nf4 36. Qc2 Qd6 37. Bxf4 gxf4 38. Bg4 Rh4 39. Qf5 e4 40. Rxe4 Rxe4 41. fxe4 Qe5+ 42. Kc2 Qxf5 43. Bxf5 Rh2 44. d6 Kf7 0-1

[Event "Gatineau op U2000"]
[Site "Gatineau CAN"]
[Date "2025.04.13"]
[Round "4.29"]
[White "Martin, Spencer"]
[Black "Thompson, Francis"]
[Result "0-1"]
[WhiteElo "1898"]
[BlackElo "1791"]
[WhiteFideId "-1"]
[WhiteFideId "-1"]
[PlyCount "84"]
[GameId "2172345471747487"]
[EventDate "2025.04.11"]
[EventType "swiss"]
[EventRounds "5"]
[EventCountry "CAN"]

1. e4 c5 2. Nf3 e6 3. d3 Nc6 4. g3 d6 5. Bg2 Nf6 6. O-O Be7 7. Nbd2 O-O 8. Re1 Rb8 9. Nf1 b5 10. Bd2 Qb6 11. h4 Re8 12. N1h2 e5 13. Ng5 c4 14. Be3 Qc7 15. h5 h6 16. Nh3 cxd3 17. cxd3 Nd4 18. Bxd4 exd4 19. Rc1 Qa5 20. a3 b4 21. Ra1 b3 22. Nf4 Bf8 23. Rc1 Bd7 24. Ne2 d5 25. Nxd4 Qb6 26. e5 Qxd4 27. exf6 Qxb2 28. fxg7 Bxg7 29. Bxd5 Rxe1+ 30. Qxe1 Qxa3 31. Nf3 b2 32. Rb1 Qxd3 33. Be4 Qc3 34. Qd1 Be6 35. Qd6 Rc8 36. Kg2 Bg4 37. Nd2 Bxh5 38. Bf5 Qc6+ 39. Qxc6 Rxc6 40. Nb3 Bg6 41. Bxg6 fxg6 42. Kf1 a5 0-1

[Event "Gatineau op U2000"]
[Site "Gatineau CAN"]
[Date "2025.04.13"]
[Round "4.30"]
[White "Yergeau, Simon"]
[Black "Ng, Wai Ho"]
[Result "0-1"]
[WhiteElo "1676"]
[BlackElo "1896"]
[WhiteFideId "-1"]
[WhiteFideId "-1"]
[PlyCount "70"]
[GameId "2172345471747488"]
[EventDate "2025.04.11"]
[EventType "swiss"]
[EventRounds "5"]
[EventCountry "CAN"]

1. e4 c6 2. d4 d5 3. exd5 cxd5 4. Bd3 Nf6 5. c3 Nc6 6. h3 g6 7. Nf3 Bg7 8. Bf4 O-O 9. O-O a5 10. Nbd2 a4 11. a3 Bd7 12. Re1 e6 13. Qc2 Na5 14. Ne5 Nh5 15. Bh2 Bxe5 16. Rxe5 Ng7 17. f4 Qb6 18. Rae1 Rac8 19. Nf3 Nc6 20. Qf2 Nxe5 21. fxe5 f6 22. Re2 fxe5 23. Bxe5 Nf5 24. g4 Ne7 25. Qe3 Bb5 26. Qh6 Rf7 27. c4 Bxc4 28. Bxc4 Rxc4 29. Rf2 Nc6 30. Ng5 Rc1+ 31. Kg2 Rxf2+ 32. Kxf2 Qxb2+ 33. Kg3 Rc3+ 34. Nf3 Nxe5 35. dxe5 Qxa3 0-1

[Event "Gatineau op U2000"]
[Site "Gatineau CAN"]
[Date "2025.04.13"]
[Round "4.31"]
[White "Auersperg, Leo"]
[Black "Mothupi, Tebatso Ephraim"]
[Result "1/2-1/2"]
[WhiteElo "1818"]
[BlackElo "1765"]
[WhiteFideId "-1"]
[WhiteFideId "-1"]
[PlyCount "101"]
[GameId "2172345471747489"]
[EventDate "2025.04.11"]
[EventType "swiss"]
[EventRounds "5"]
[EventCountry "CAN"]

1. e4 c6 2. Nc3 d5 3. Nf3 Bg4 4. h3 Bxf3 5. Qxf3 Nf6 6. g3 e6 7. Bg2 dxe4 8. Nxe4 Nxe4 9. Qxe4 Qd5 10. d4 f5 11. Qxd5 exd5 12. Bf4 Nd7 13. O-O Be7 14. Rfe1 Kf7 15. h4 g6 16. Rad1 Rae8 17. Re3 Bf6 18. c3 Rxe3 19. Bxe3 Re8 20. b3 Bg7 21. c4 Nf6 22. cxd5 Nxd5 23. Bxd5+ cxd5 24. Rc1 Re7 25. Rc5 Ke6 26. Kg2 f4 27. gxf4 Kd6 28. Rc1 Rc7 29. Rxc7 Kxc7 30. Kf3 h5 31. f5 Kd6 32. fxg6 Ke6 33. Ke2 Kf5 34. Kd3 Kxg6 35. Bg5 Kf5 36. a4 Bf6 37. Bxf6 Kxf6 38. Ke3 Kf5 39. f3 b6 40. b4 a6 41. b5 a5 42. f4 Kg4 43. f5 Kxf5 44. Kf3 Ke6 45. Ke3 Ke7 46. Kf3 Kf7 47. Kg3 Kg7 48. Kf3 Kg6 49. Kg3 Kf5 50. Kf3 Ke6 51. Kg3 1/2-1/2

[Event "Gatineau op U2000"]
[Site "Gatineau CAN"]
[Date "2025.04.13"]
[Round "4.32"]
[White "Gauthier, Denis"]
[Black "Bastien, Andre"]
[Result "0-1"]
[WhiteElo "1810"]
[BlackElo "1724"]
[WhiteFideId "-1"]
[WhiteFideId "-1"]
[PlyCount "66"]
[GameId "2172345471747490"]
[EventDate "2025.04.11"]
[EventType "swiss"]
[EventRounds "5"]
[EventCountry "CAN"]

1. d4 d5 2. c4 Nc6 3. cxd5 Qxd5 4. e3 e5 5. Nc3 Bb4 6. Bd2 Bxc3 7. Bxc3 exd4 8. Ne2 Nf6 9. Nxd4 O-O 10. Nxc6 Qxc6 11. Rc1 Qb6 12. Qd4 c5 13. Qd2 Ne4 14. Qc2 Nxc3 15. Qxc3 Be6 16. Be2 Bxa2 17. Bf3 Rac8 18. O-O Be6 19. Rfd1 Qb5 20. Rd2 Qb4 21. Qxb4 cxb4 22. Ra1 b3 23. h3 Rc2 24. Rad1 b5 25. Be4 Rxd2 26. Rxd2 a5 27. Bc6 Bc4 28. Rd7 Rb8 29. f3 Kf8 30. Kf2 Rb6 31. Rc7 a4 32. Ke1 a3 33. bxa3 Rxc6 0-1

[Event "Gatineau op U2000"]
[Site "Gatineau CAN"]
[Date "2025.04.13"]
[Round "4.33"]
[White "Chenier, Raphael"]
[Black "Knechtel, Thomas"]
[Result "0-1"]
[WhiteElo "1701"]
[BlackElo "1874"]
[WhiteFideId "-1"]
[WhiteFideId "-1"]
[PlyCount "78"]
[GameId "2172345471747491"]
[EventDate "2025.04.11"]
[EventType "swiss"]
[EventRounds "5"]
[EventCountry "CAN"]

1. e4 c5 2. Nf3 d6 3. d4 cxd4 4. Nxd4 Nf6 5. Nc3 a6 6. f3 e5 7. Nb3 Be7 8. Be3 Be6 9. Qd2 O-O 10. O-O-O Nbd7 11. g4 b5 12. g5 b4 13. Ne2 Ne8 14. f4 a5 15. f5 a4 16. Nbd4 exd4 17. Nxd4 b3 18. Kb1 bxc2+ 19. Nxc2 Bb3 20. axb3 axb3 21. Na3 Ne5 22. h4 Nc7 23. Bf4 Re8 24. Rh3 Qb8 25. Bxe5 dxe5 26. Bc4 Bb4 27. Qc1 Bxa3 28. bxa3 Qb7 29. Re3 b2 30. Qc3 Nb5 31. Qxb2 Qa7 32. Bxb5 Qxe3 33. Bxe8 Qxe4+ 34. Ka1 Rxe8 35. Qh2 Ra8 36. Ka2 Qc4+ 37. Kb2 Rb8+ 38. Ka1 Qc3+ 39. Ka2 Qb3+ 0-1

[Event "Gatineau op U2000"]
[Site "Gatineau CAN"]
[Date "2025.04.13"]
[Round "4.34"]
[White "Tse, Chun Wing"]
[Black "Dupont-Mageau, Nicolas"]
[Result "0-1"]
[WhiteElo "1664"]
[BlackElo "1854"]
[WhiteFideId "-1"]
[WhiteFideId "-1"]
[PlyCount "56"]
[GameId "2172345471747492"]
[EventDate "2025.04.11"]
[EventType "swiss"]
[EventRounds "5"]
[EventCountry "CAN"]

1. d4 c5 2. d5 Nf6 3. c4 d6 4. Nc3 g6 5. e4 Bg7 6. Be2 O-O 7. Be3 e6 8. Qd2 exd5 9. exd5 Re8 10. h3 Ne4 11. Nxe4 Rxe4 12. Nf3 Qb6 13. Rb1 Nd7 14. O-O Ne5 15. Ng5 Nxc4 16. Qd3 Rxe3 17. fxe3 Nxe3 18. Rxf7 c4 19. Qe4 Bf5 20. Rxf5 Nxf5+ 21. Kh2 Be5+ 22. g3 Bxg3+ 23. Kh1 Be5 24. Kg2 Ne3+ 25. Kh1 Nf5 26. Kg2 Rf8 27. Nf3 Ne3+ 28. Kh1 Rf4 0-1

[Event "Gatineau op U2000"]
[Site "Gatineau CAN"]
[Date "2025.04.13"]
[Round "4.35"]
[White "Hum, Justin"]
[Black "Savard, Alexandre"]
[Result "0-1"]
[WhiteElo "1639"]
[BlackElo "1812"]
[WhiteFideId "-1"]
[WhiteFideId "-1"]
[PlyCount "94"]
[GameId "2172345471747493"]
[EventDate "2025.04.11"]
[EventType "swiss"]
[EventRounds "5"]
[EventCountry "CAN"]

1. e4 c5 2. Nc3 d6 3. f4 g6 4. Nf3 Bg7 5. Bb5+ Bd7 6. Bxd7+ Qxd7 7. O-O Nc6 8. d3 Nf6 9. Qe1 O-O 10. Qh4 Qg4 11. Qxg4 Nxg4 12. h3 Nf6 13. g4 h5 14. g5 Nd7 15. Be3 b5 16. Nd2 b4 17. Na4 Nb6 18. Nxb6 axb6 19. Rfb1 Ra6 20. a3 Rfa8 21. Ra2 b5 22. e5 bxa3 23. Rxa3 Nb4 24. Ne4 Nxc2 25. Rxa6 Rxa6 26. Bf2 Kf8 27. Rc1 Nb4 28. exd6 exd6 29. Nxc5 Rc6 30. Nd7+ Ke7 31. Rxc6 Nxc6 32. Nf6 Nb4 33. Be1 Nxd3 34. Bc3 Bxf6 35. Bxf6+ Ke6 36. Kg2 Nxf4+ 37. Kg3 Nd5 38. Bd4 Ne7 39. Bf6 Nd5 40. Bd4 Kf5 41. Kh4 Nc7 42. Be3 Ne6 43. b4 d5 44. Bd2 d4 45. Bc1 Ke4 46. Kg3 Kd3 47. Kf2 Kc2 0-1

[Event "Gatineau op U2000"]
[Site "Gatineau CAN"]
[Date "2025.04.13"]
[Round "4.36"]
[White "Dukkardt, Vladimir"]
[Black "Beardall, Ben"]
[Result "0-1"]
[WhiteElo "1772"]
[BlackElo "1725"]
[WhiteFideId "-1"]
[WhiteFideId "-1"]
[PlyCount "40"]
[GameId "2172345471747494"]
[EventDate "2025.04.11"]
[EventType "swiss"]
[EventRounds "5"]
[EventCountry "CAN"]

1. e4 e5 2. Nf3 Nc6 3. Bb5 f5 4. d4 fxe4 5. Nxe5 Nxe5 6. dxe5 c6 7. Bc4 Qa5+ 8. Bd2 Qxe5 9. Be2 Nf6 10. Be3 d5 11. c3 Bd6 12. Nd2 O-O 13. g4 c5 14. Nf1 Be6 15. g5 Nd7 16. Bg4 Rad8 17. Bxe6+ Qxe6 18. Qb3 Ne5 19. O-O-O Nd3+ 20. Rxd3 exd3 0-1

[Event "Gatineau op U2000"]
[Site "Gatineau CAN"]
[Date "2025.04.13"]
[Round "4.37"]
[White "Brassard, Sylvain"]
[Black "Audouze, Oscar"]
[Result "1-0"]
[WhiteElo "1767"]
[BlackElo "1616"]
[WhiteFideId "-1"]
[WhiteFideId "-1"]
[PlyCount "71"]
[GameId "2172345471747495"]
[EventDate "2025.04.11"]
[EventType "swiss"]
[EventRounds "5"]
[EventCountry "CAN"]

1. d4 Nf6 2. Nf3 e6 3. g3 c5 4. Bg2 cxd4 5. O-O d5 6. a3 Bd6 7. Nxd4 Nc6 8. Nxc6 bxc6 9. c4 O-O 10. Nc3 Bb7 11. cxd5 cxd5 12. Nb5 Be7 13. b4 Qd7 14. Nd4 a5 15. bxa5 Rxa5 16. Bb2 Rfa8 17. Nb3 Ra4 18. Qc1 Rc4 19. Qd1 Qb5 20. Nd2 Rca4 21. Qc1 Rc8 22. Qd1 Ba6 23. Re1 Bb7 24. Bxf6 Bxf6 25. Rb1 Bb2 26. Nb3 Rxa3 27. Rxb2 Rc3 28. e4 Raxb3 29. Rxb3 Rxb3 30. exd5 Rd3 31. Qb1 Qxb1 32. Rxb1 Bc8 33. Rb8 Rd1+ 34. Bf1 Rc1 35. d6 Kf8 36. d7 1-0

[Event "Gatineau op U2000"]
[Site "Gatineau CAN"]
[Date "2025.04.13"]
[Round "4.39"]
[White "Thibault, Mario"]
[Black "Brule, Daniel"]
[Result "1-0"]
[WhiteElo "1604"]
[BlackElo "1916"]
[WhiteFideId "-1"]
[WhiteFideId "-1"]
[PlyCount "73"]
[GameId "2172345471747496"]
[EventDate "2025.04.11"]
[EventType "swiss"]
[EventRounds "5"]
[EventCountry "CAN"]

1. e4 e5 2. Nf3 Nc6 3. d4 exd4 4. Bc4 h6 5. Nxd4 Ne5 6. Bb3 Bc5 7. Be3 d6 8. Nc3 Nf6 9. h3 Bd7 10. Qe2 Qe7 11. O-O-O Nc6 12. Ndb5 Bxe3+ 13. Qxe3 Bc8 14. Rhe1 a6 15. Nd5 Nxd5 16. exd5 Ne5 17. Nxc7+ Qxc7 18. f4 O-O 19. fxe5 dxe5 20. Qxe5 Qxe5 21. Rxe5 Bd7 22. Re7 Rad8 23. Rde1 Rfe8 24. Rxe8+ Rxe8 25. Rxe8+ Bxe8 26. c4 b6 27. Kd2 f6 28. Bc2 Kf7 29. Ke3 Ke7 30. Kd4 Kd6 31. b4 g5 32. c5+ bxc5+ 33. bxc5+ Kc7 34. d6+ Kd7 35. Ba4+ Kd8 36. Bxe8 Kxe8 37. Ke4 1-0

[Event "Gatineau op U2000"]
[Site "Gatineau CAN"]
[Date "2025.04.13"]
[Round "4.40"]
[White "Echavarria-Hidalgo, Fernando"]
[Black "Perkins, Simon"]
[Result "0-1"]
[WhiteElo "1780"]
[BlackElo "1668"]
[WhiteFideId "-1"]
[WhiteFideId "-1"]
[PlyCount "72"]
[GameId "2172345471747497"]
[EventDate "2025.04.11"]
[EventType "swiss"]
[EventRounds "5"]
[EventCountry "CAN"]

1. e4 c5 2. Nf3 a6 3. g3 e6 4. Bg2 Nc6 5. O-O Be7 6. d4 cxd4 7. Nxd4 Nf6 8. Re1 Qc7 9. Nxc6 bxc6 10. Nc3 e5 11. Be3 d6 12. Na4 Rb8 13. b3 Be6 14. c4 O-O 15. Rc1 Ng4 16. Bd2 f5 17. h3 Nf6 18. Nc3 fxe4 19. Nxe4 Nxe4 20. Rxe4 Qd7 21. Qh5 Rf5 22. Qe2 Rbf8 23. Rf1 R5f7 24. g4 Qd8 25. f4 Bd7 26. fxe5 Rxf1+ 27. Bxf1 d5 28. cxd5 cxd5 29. Rf4 Bc5+ 30. Kh2 Bb5 31. Qe4 Rxf4 32. Bxf4 Qf8 33. Qe1 Bxf1 34. Qxf1 g5 35. Qxa6 Qxf4+ 36. Kh1 Qf3+ 0-1

[Event "Gatineau op U2000"]
[Site "Gatineau CAN"]
[Date "2025.04.13"]
[Round "4.41"]
[White "Stelmach, Noah"]
[Black "Song, Jiacai"]
[Result "1/2-1/2"]
[WhiteElo "1759"]
[BlackElo "1662"]
[WhiteFideId "-1"]
[WhiteFideId "-1"]
[PlyCount "150"]
[GameId "2172345471747498"]
[EventDate "2025.04.11"]
[EventType "swiss"]
[EventRounds "5"]
[EventCountry "CAN"]

1. c4 e5 2. Nc3 d6 3. Nf3 f5 4. d3 Nf6 5. g3 Be7 6. Bg2 O-O 7. O-O c6 8. a3 Nh5 9. e4 Qe8 10. exf5 Bxf5 11. d4 Nd7 12. Re1 Bg4 13. h3 Bxf3 14. Bxf3 Nhf6 15. d5 c5 16. Qe2 Nb6 17. b3 a6 18. Bg5 Nbd7 19. Bg4 Nxg4 20. Qxg4 Bxg5 21. Qxg5 Qf7 22. Ne4 Rad8 23. Qe3 Qg6 24. Qg5 Qf7 25. Ra2 Nf6 26. Nxf6+ Qxf6 27. Qxf6 Rxf6 28. Kg2 Rdf8 29. Re3 b5 30. f3 bxc4 31. bxc4 Rb8 32. h4 Rb1 33. Rc2 a5 34. Rcc3 a4 35. Kh3 h5 36. Re2 Kf8 37. g4 hxg4+ 38. fxg4 Rf4 39. Rg2 Ke7 40. Kg3 Ke8 41. h5 Ke7 42. g5 Rff1 43. h6 gxh6 44. gxh6 Rh1 45. Rh2 Rxh2 46. Kxh2 Kf6 47. Rg3 Rb2+ 48. Kh1 Rb7 49. Rg8 Rh7 50. Ra8 Rxh6+ 51. Kg2 e4 52. Rxa4 Ke5 53. Ra8 Kd4 54. Re8 Kxc4 55. Rxe4+ Kxd5 56. Rg4 Re6 57. Kf2 Re4 58. Rg5+ Kc6 59. Rg3 Ra4 60. Ke2 Kb5 61. Rd3 Kc4 62. Rxd6 Rxa3 63. Kd2 Ra2+ 64. Kc1 Kc3 65. Kb1 Rd2 66. Rh6 c4 67. Kc1 Rd3 68. Ra6 Rd4 69. Rh6 Rd3 70. Ra6 Rd8 71. Ra3+ Kb4 72. Rh3 c3 73. Rh7 Kc4 74. Rg7 Rb8 75. Rc7+ Kb3 1/2-1/2

[Event "Gatineau op U2000"]
[Site "Gatineau CAN"]
[Date "2025.04.13"]
[Round "4.42"]
[White "Supsup, Ferdinand"]
[Black "Wen, Justin"]
[Result "0-1"]
[WhiteElo "1703"]
[BlackElo "1596"]
[WhiteFideId "-1"]
[WhiteFideId "-1"]
[PlyCount "50"]
[GameId "2172345471747499"]
[EventDate "2025.04.11"]
[EventType "swiss"]
[EventRounds "5"]
[EventCountry "CAN"]

1. e4 c5 2. Nf3 Nc6 3. d4 cxd4 4. Nxd4 Nf6 5. Nc3 e5 6. Nf5 d5 7. Ng3 d4 8. Nb1 h5 9. Bg5 h4 10. Ne2 Qa5+ 11. Bd2 Qb6 12. Na3 Bxa3 13. bxa3 Nxe4 14. Rb1 Qc7 15. Ng1 Be6 16. Rb2 Nc3 17. Qf3 e4 18. Qf4 Qxf4 19. Bxf4 O-O-O 20. Bb5 Nxb5 21. Rxb5 Bxa2 22. Nh3 Rd5 23. Rb2 Bc4 24. Ng5 Rf5 25. Nxe4 Re8 0-1

[Event "Gatineau op U2000"]
[Site "Gatineau CAN"]
[Date "2025.04.13"]
[Round "4.43"]
[White "Rauch, Damian"]
[Black "Tan, Shuwen"]
[Result "1-0"]
[WhiteElo "1577"]
[BlackElo "1699"]
[WhiteFideId "-1"]
[WhiteFideId "-1"]
[PlyCount "63"]
[GameId "2172345471747500"]
[EventDate "2025.04.11"]
[EventType "swiss"]
[EventRounds "5"]
[EventCountry "CAN"]

1. e4 d6 2. d4 Nf6 3. Nc3 e5 4. dxe5 dxe5 5. Bd3 Be7 6. Nf3 Nbd7 7. O-O c6 8. h3 h6 9. Be3 O-O 10. a4 a5 11. Ne2 Qc7 12. Ng3 Nc5 13. Qe2 Re8 14. Rfe1 Be6 15. Bc4 Rab8 16. Bxe6 Nxe6 17. Bd2 b5 18. axb5 Rxb5 19. Bc3 Nf4 20. Qc4 Nd7 21. Nf5 Bf8 22. Ne3 Nb6 23. Qf1 Bb4 24. Bxb4 axb4 25. Red1 Ne6 26. Nc4 Nxc4 27. Qxc4 Reb8 28. Rd2 c5 29. Rd5 f6 30. Rad1 Kh7 31. Rd7 Qa5 32. Qxe6 1-0

[Event "Gatineau op U2000"]
[Site "Gatineau CAN"]
[Date "2025.04.13"]
[Round "4.44"]
[White "Liu, Zipei"]
[Black "Radia, Anuj"]
[Result "1-0"]
[WhiteElo "1458"]
[BlackElo "1673"]
[WhiteFideId "-1"]
[WhiteFideId "-1"]
[PlyCount "147"]
[GameId "2172345471747501"]
[EventDate "2025.04.11"]
[EventType "swiss"]
[EventRounds "5"]
[EventCountry "CAN"]

1. d4 d5 2. c4 e6 3. Nc3 c6 4. Nf3 Nf6 5. Bg5 h6 6. Bh4 dxc4 7. e4 g5 8. Bg3 b5 9. a3 Bb7 10. e5 Nd5 11. Ne4 Qa5+ 12. Nfd2 c3 13. Nb3 Qb6 14. bxc3 Nd7 15. Be2 c5 16. O-O c4 17. Nbd2 Be7 18. Bh5 Nf8 19. f4 Ne3 20. Qe2 Nxf1 21. Rxf1 Ng6 22. f5 exf5 23. Nd6+ Kd7 24. Bxg6 fxg6 25. e6+ Kd8 26. Nf7+ Ke8 27. Nxh8 f4 28. Be1 Bd5 29. Nxg6 Qc6 30. Qe5 Qxe6 31. Qxe6 Bxe6 32. Nxe7 Kxe7 33. Ne4 Bf5 34. Nc5 Kd6 35. Bd2 a5 36. Re1 b4 37. cxb4 axb4 38. Bxb4 c3 39. Bxc3 Rxa3 40. Bb4 Ra2 41. Re5 Bg4 42. h3 Bd1 43. Ne4+ Kc6 44. Nc3 Rd2 45. d5+ Kd7 46. Nxd1 Rxd1+ 47. Kf2 Rb1 48. Bf8 Rb2+ 49. Re2 Rb5 50. Rd2 h5 51. Bh6 Kd6 52. Bxg5 Rxd5 53. Bxf4+ Ke6 54. Rxd5 Kxd5 55. Kg3 Ke4 56. Kh4 Kxf4 57. Kxh5 Kf5 58. g4+ Kf6 59. Kh6 Kf7 60. Kh7 Kf6 61. h4 Kf7 62. g5 Kf8 63. g6 Ke7 64. g7 Kf7 65. g8=Q+ Kf6 66. Qg5+ Kf7 67. Qg6+ Kf8 68. Qg7+ Ke8 69. Kg6 Kd8 70. Kf6 Kc8 71. Ke6 Kb8 72. Kd6 Ka8 73. Kc6 Kb8 74. Qb7# 1-0

[Event "Gatineau op U2000"]
[Site "Gatineau CAN"]
[Date "2025.04.13"]
[Round "4.45"]
[White "Ishii, Subaru"]
[Black "Lagace, Tyler"]
[Result "1-0"]
[WhiteElo "1319"]
[BlackElo "1500"]
[WhiteFideId "-1"]
[WhiteFideId "-1"]
[PlyCount "57"]
[GameId "2172345471747502"]
[EventDate "2025.04.11"]
[EventType "swiss"]
[EventRounds "5"]
[EventCountry "CAN"]

1. d4 f5 2. Nf3 Nf6 3. c4 e6 4. g3 Be7 5. Bg2 O-O 6. O-O d6 7. Nc3 Ne4 8. Qc2 Nxc3 9. Qxc3 a5 10. Qc2 Nc6 11. Bd2 e5 12. dxe5 dxe5 13. Bc3 Bf6 14. Rfd1 Qe7 15. Ne1 e4 16. f3 Qc5+ 17. Kh1 exf3 18. Bxf3 Ne5 19. Rd5 Qf2 20. Nd3 Nxd3 21. Qxd3 Be6 22. Bd4 Bxd4 23. Rxd4 f4 24. gxf4 Qh4 25. f5 Bxf5 26. Rxh4 Bxd3 27. Bd5+ Kh8 28. exd3 Rf2 29. Rg4 1-0

[Event "Gatineau op U2000"]
[Site "Gatineau CAN"]
[Date "2025.04.13"]
[Round "5.23"]
[White "Masse-Garneau, Anthony"]
[Black "Sun, Jonathan"]
[Result "1/2-1/2"]
[WhiteElo "1872"]
[BlackElo "1687"]
[WhiteFideId "-1"]
[WhiteFideId "-1"]
[PlyCount "90"]
[GameId "2172345471747503"]
[EventDate "2025.04.11"]
[EventType "swiss"]
[EventRounds "5"]
[EventCountry "CAN"]

1. d4 g6 2. Nf3 Nf6 3. g3 Bg7 4. Bg2 O-O 5. O-O d6 6. b3 c6 7. Bb2 Nbd7 8. Nbd2 Qc7 9. c4 Re8 10. Qc2 e5 11. dxe5 Nxe5 12. Nxe5 dxe5 13. Ne4 Nxe4 14. Bxe4 Be6 15. Rad1 f5 16. Bg2 f4 17. gxf4 exf4 18. Bxg7 Qxg7 19. e4 fxe3 20. fxe3 Qe5 21. e4 Bg4 22. Bf3 Bh3 23. Rf2 Rf8 24. Bg2 Bxg2 25. Rxf8+ Rxf8 26. Qxg2 Qc5+ 27. Kh1 Rf2 28. Rd8+ Kf7 29. Qh3 Kg7 30. Rd7+ Kf8 31. Rxh7 Kg8 32. Rh8+ Kg7 33. Qh6+ Kf7 34. Rh7+ Kf6 35. Qg7+ Kg5 36. Qe7+ Qxe7 37. Rxe7 Rxa2 38. Rxb7 Rb2 39. Rxa7 Rxb3 40. Ra6 c5 41. Ra5 Re3 42. Rxc5+ Kf6 43. Rc6+ Kg5 44. Re6 Rc3 45. Rc6 Re3 1/2-1/2

[Event "Gatineau op U2000"]
[Site "Gatineau CAN"]
[Date "2025.04.13"]
[Round "5.24"]
[White "Sethi, Aaron"]
[Black "Guliyev, Nadir"]
[Result "1/2-1/2"]
[WhiteElo "1773"]
[BlackElo "1633"]
[WhiteFideId "-1"]
[WhiteFideId "-1"]
[PlyCount "57"]
[GameId "2172345471747504"]
[EventDate "2025.04.11"]
[EventType "swiss"]
[EventRounds "5"]
[EventCountry "CAN"]

1. e4 c6 2. Nf3 d5 3. Nc3 dxe4 4. Nxe4 Bg4 5. h3 Bxf3 6. Qxf3 Nf6 7. Nxf6+ exf6 8. Bc4 Bd6 9. O-O O-O 10. d4 Qc7 11. c3 Nd7 12. Bf4 Rac8 13. Rfe1 Nb6 14. Bb3 Qd7 15. Bxd6 Qxd6 16. Re2 Rce8 17. Rae1 Rxe2 18. Qxe2 Nc8 19. Qe4 g6 20. d5 c5 21. c4 Qb6 22. Qf4 Kg7 23. Re2 Rd8 24. h4 h5 25. f3 f5 26. Kh1 Qf6 27. g3 Nd6 28. Ba4 a6 29. b4 1/2-1/2